Santidad heróica y demencia (Record no. 108968)

MARC details
000 -LEADER
campo de control de longitud fija 00660nam a2200181 4500
001 - NÚMERO DE CONTROL
campo de control 108968
003 - IDENTIFICADOR DE NÚMERO DE CONTROL
campo de control ES-MaACL
005 - FECHA Y HORA DE LA ÚLTIMA TRANSACCIÓN
campo de control 20250818063054.0
007 - CAMPO FIJO DE DESCRIPCIÓN FÍSICA--INFORMACIÓN GENERAL
campo de control de longitud fija t|
008 - DATOS DE LONGITUD FIJA--INFORMACIÓN GENERAL
campo de control de longitud fija 061121s1965 sp r ||||1| spa d
100 1# - ENTRADA PRINCIPAL--NOMBRE DE PERSONA
Nombre de persona Moore, Thomas Verner,
Fechas asociadas al nombre 1877-1969
9 (RLIN) 82829
245 10 - MENCIÓN DEL TÍTULO
Título Santidad heróica y demencia
Resto del título : Introducción a la vida espiritual y a la higiene mental /
Mención de responsabilidad, etc. por Moore Thomas Verner , cartujo ; versión española por Juan Fábregas Camí.
260 ## - PUBLICACIÓN, DISTRIBUCIÓN, ETC.
Lugar de publicación, distribución, etc. Barcelona :
Nombre del editor, distribuidor, etc. Juan Flors,
Fecha de publicación, distribución, etc. 1965.
300 ## - DESCRIPCIÓN FÍSICA
Extensión XI, 298 p. ;
Dimensiones 22 cm.
700 1# - ENTRADA AGREGADA--NOMBRE PERSONAL
Nombre de persona Fábregas Camí, Juan.
9 (RLIN) 48558
852 ## - LOCALIZACIÓN
Ubicación ES-MaACL
Número de control de estantería C-28042
Sublocalización o colección R.57459
Holdings
Estatus retirado Estado de pérdida Estado de daño No para préstamo Biblioteca de origen Biblioteca actual Ubicación en estantería Fecha de adquisición Fuente de adquisición Total de préstamos Signatura topográfica completa Código de barras Visto por última vez Precio de reemplazo Tipo de ítem Koha
        Biblioteca del Ateneo de Madrid Biblioteca del Ateneo de Madrid Depósito 2 17/01/2008     C-28042 1113702 23/02/2023 23/02/2023 Libro impreso